Dinosaurs. (Record no. 115141)
[ view plain ]
| 000 -LEADER | |
|---|---|
| fixed length control field | 00400nam a2200157 a 4500 |
| 005 - DATE AND TIME OF LATEST TRANSACTION | |
| control field | 20140414132123.0 |
| 008 - FIXED-LENGTH DATA ELEMENTS--GENERAL INFORMATION | |
| fixed length control field | 140221s19uu xx 00 eng d |
| 020 ## - INTERNATIONAL STANDARD BOOK NUMBER | |
| International Standard Book Number | 9781846666889 |
| 050 ## - LIBRARY OF CONGRESS CALL NUMBER | |
| Classification number | REF 567.9 |
| Item number | Di54 2010 |
| 245 ## - TITLE STATEMENT | |
| Title | Dinosaurs. |
| 260 ## - PUBLICATION, DISTRIBUTION, ETC. (IMPRINT) | |
| Place of publication, distribution, etc | Pasig, Philippines : |
| Name of publisher, distributor, etc | WS Pacific Publication, Inc, |
| Date of publication, distribution, etc | c2010. |
| 300 ## - PHYSICAL DESCRIPTION | |
| Extent | 64 |
| 440 ## - SERIES STATEMENT/ADDED ENTRY--TITLE | |
| Title | Focus on |
| 650 ## - SUBJECT ADDED ENTRY--TOPICAL TERM | |
| Topical term or geographic name as entry element | Dinosaurs |
| Withdrawn status | Lost status | Damaged status | Home library | Current library | Shelving location | Date acquired | Source of acquisition | Total Checkouts | Full call number | Barcode | Date last seen | Price effective from | Koha item type |
|---|---|---|---|---|---|---|---|---|---|---|---|---|---|
| Munich Library | Munich Library | Reference Section | 02/21/2014 | REF 567.9 Di54 2010 | M7144 | 04/14/2014 | 04/14/2014 | Books |